000 00878cam a2200205 4500
001 ABS67190
008 031029n2003 000 0 eng u
035 _a(Sirsi) u124147
245 _aWe mean business
260 _c2003
490 _aEstates Gazette
_v(0340) 4 October 2003, 140-141(3)
520 _aThis "Mainly for Students" article reports on the RICS / Advantage West Midlands Annual Property Education Debate. Issues debated included the need for business skills, new markets for chartered surveyors, opportunities in the public and residential sectors and the RICS communication plan for promoting the business qualification.
590 _aABS
650 _aRICS
650 _aBUSINESS SKILLS
650 _aABOUT RICS-RICS MEMBERS
650 _aCAREERS, EDUCATION AND TRAINING
690 _aMANAGEMENT-BUSINESS MANAGEMENT-PROFESSIONAL PRACTICE
942 _n0
999 _c73683
_d73683